MDQL
is popping MORE tags! Check the
thread
!
Quizzes
Events
Quiz Creation
Community
Videos
Private Events
Remove Ads
Sign In
Join for FREE
Feedback
Dark Mode
Quiz Categories
Sports
Geography
Music
Movies
Television
Just For Fun
Miscellaneous
History
Literature
Language
Science
Gaming
Entertainment
Religion
Holiday
For Kids
Quiz Lab
Recent
Popular Today
Quiz Kudos Today
Editor Picks
Curator Picks
Quizzes by...
Day
Popularity
Type
Ratings
Length
Year
Community
Subscriptions
Recent Discussions
Orange Saloon
Badges
Playlists
Quests
Create
Leaderboards
Showdown
Live 5
Trivia Bingo
Activity
Puzzle Library
Sporcle Events
Private Events
Virtual Trivia
Globe League
Become a Host
Pub Owners
SporcleCon
Opinionation
Our Games
Videos
Blog
Mobile Apps
Partnerships
Remove Ads and Go Orange
Feedback
Geography
Country
Landmarks
City
State
Population
World
Capital
Continent
Flags
Europe
Africa
Asia
South America
North America
Oceania
Border
Canada
United Kingdom
Topography
United States
Geography
Country
Landmarks
City
State
Population
World
Capital
Continent
Flags
Europe
Africa
Asia
South America
North America
Oceania
Border
Canada
United Kingdom
Topography
United States
Random Quiz
Search Sporcle
×
Quiz Lab
Quiz Lab
Geography
Population
Type in answers that appear in a list
Type in answers that appear in a list
Classic
Best Score? Go Orange.
Cities of Switzerland by last letter Stats
Can you name the Cities of Switzerland by their last letter?
By
quoupo15
8m
67 Questions
136 Plays
136 Plays
136 Plays
Comments
Comments
Give Quiz Kudos
Give Quiz Kudos
-
- Ratings
hide this ad
More Info
Replay
Link that replays current quiz
Next Quiz
Link to next quiz in quiz playlist
You Got
0%
They Got
Avg Score
55%
Avg Friend Score
Upgrade to see
Score Distribution
Jump to the score distribution portion of the page
Score
0/67
Timer
08:00
0
Plays Today
Letter
City
% Correct
H
Zürich
95.6%
E
Lausanne
93.4%
N
Bern
92.6%
L
Basel
91.9%
R
Winterthur
88.2%
O
Lugano
87.5%
N
St. Gallen
86.8%
N
Sion
83.8%
R
Chur
83.8%
L
Neuchâtel
83.1%
G
Fribourg
82.4%
N
Schaffhausen
81.6%
N
Thun
79.4%
G
Zug
78.7%
O
Locarno
78.7%
E
Biel/Bienne
77.9%
L
Biel/Bienne
77.9%
X
Montreux
77.9%
A
Geneva
76.5%
A
Bellinzona
73.5%
U
Aarau
72.8%
S
La Chaux-de-Fonds
69.1%
D
Frauenfeld
67.6%
Y
Vevey
66.9%
A
Rapperswil-Jona
64.7%
L
Wil
64.7%
S
Yverdon-les-Bains
64%
Z
Köniz
62.5%
R
Uster
58.8%
Z
Schwyz
58.1%
Y
Martigny
57.4%
M
Cham
54.4%
T
Delémont
52.2%
F
Dübendorf
50.7%
Letter
City
% Correct
S
Kriens
49.3%
W
Horw
47.8%
R
Baar
47.1%
U
Gossau
45.6%
X
Onex
44.1%
R
Vernier
41.9%
Y
Monthey
41.9%
E
Carouge
41.2%
E
Lucerne
41.2%
E
Bulle
40.4%
D
Glarus Nord
39%
Z
Spiez
39%
L
Wädenswil
38.2%
U
Herisau
38.2%
X
Thônex
38.2%
Z
Muttenz
37.5%
Y
Pully
36.8%
S
Morges
35.3%
Y
Lancy
35.3%
O
Mendrisio
33.8%
X
Versoix
33.1%
F
Burgdorf
30.9%
S
Renens
29.4%
H
Reinach
28.7%
F
Regensdorf
27.9%
H
Bülach
27.9%
G
Steffisburg
26.5%
H
Freienbach
26.5%
T
Küssnacht
25.7%
A
Stäfa
25%
T
Küsnacht
25%
D
Gland
23.5%
Z
Val-de-Ruz
9.6%
Quiz Playlist
Details
Report
Send in Message
Add To Playlist
More Info:
Cities over 12,000 inhabitants
Classic:
Type in answers that appear in a list
Quiz Source
Last Updated: Feb 16, 2017
Quiz Scoreboard
CHALLENGE
Sign Up to Join the Scoreboard
Show All
Scores
Hide
Comments
May contain spoilers
Recently Published
Image Sorting: Flags VI
by Barbecue
Geography
2m
Find the 'City' Movie
by crazypaving
Movies
60s
Colored Red Africa Blitz
by spor1
Geography
45s
More to Explore
Quiz From the Vault
Featured Blog Post
14 Easter Pick-up Lines to Find Eggs With
hide this ad
You Might Also Like...
Tags
City Quiz
Population Quiz
By Letter
last
Last Letter
Swiss
Switzerland
Town
Today's Top Quizzes in Geography
Browse Geography
hide this ad
Today's Top Quizzes in Population
Browse Population
Top Contributed Quizzes in Geography
1
Colored Red Europe Blitz I
2
Countries of the World - No Outlines Minefield
3
Colored Red Africa Blitz II
4
Colored Red Europe Blitz II
5
Colored Red Europe Blitz III
6
Colored Red Africa Blitz III
7
Colored Red States Blitz I
8
A Different View: World Oceans
9
Colored Red States Blitz II
10
Colored Red States Blitz III
Explore More
Trending Topics
NBA
Harry Potter
Marvel
Anime
Crossword
Kpop
Disney
Song
The Office
WWE
Country
NFL
Pokémon
Puzzle
Soccer
hide this ad
More By:
quoupo15
Quiz
Plays
Rating
Category
Featured
Created
Middle Teams in French Ligue 1
5,428
5.00
Sports
Jun 14, 2019
Defeats of Spain in Soccer
5,221
5.00
Sports
Aug 3, 2018
Middle Teams in English Premier League
4,713
5.00
Sports
Aug 2, 2019
Defeats of Belgium in Soccer
2,550
5.00
Sports
Aug 18, 2018
Promotion and relegation in Polish Ekstraklasa
2,175
5.00
Sports
Aug 2, 2017
Go to Creator's Profile
Score Distribution
Quiz Creator Spotlight
quoupo15
Follow
Send a Message
Quizzes Created
-
Created Quiz Play Count
-
More By This Creator
Popular Quizzes Today
1
Colored Red Africa Blitz
2
Find the US States - No Outlines Minefield
3
Find the 'City' Movie
4
5x2 Blitz: Bands
5
The Countries of the World
6
Find the US States
7
Find the Countries of Europe - No Outlines Minefield
8
US States
More Geography Quizzes
Kenya Physical Geography
Quiz Lab
Trending Quizzes
Colored Red Europe Blitz I
Colored Red Europe Blitz II
Colored Red Africa Blitz II
Colored Red Europe Blitz III
Colored Red Africa Blitz III
Recently Updated
How Do You Spell That?
pecheneg
Godzilla Movies
pecheneg
Grab Bag: 4-10 Letters
pecheneg
2024 March Madness Bracket
pecheneg
Famous TV Couples
Peacemaker
Champions League XIs: Real Madrid
pecheneg
Largest US Cities 1790-2010
pecheneg
Rides in Walt Disney World
pecheneg
Most Oscar Losses (Acting)
pecheneg
Beyoncé Albums
pecheneg
Trending Topics
Harry Potter
Marvel
Kpop
NBA
Disney
Anime
Crossword
Country
NFL
Pokémon
Song
Soccer
The Office
WWE
Puzzle
Your Account Isn't Verified!
In order to create a playlist on Sporcle, you need to verify the email address you used during registration. Go to your
Sporcle Settings
to finish the process.
Report this User
Report this user for behavior that violates our
Community Guidelines
.
Details:
Send Report
Go to the Sporcle.com Mobile Site →
Comments